| 000 -LEADER |
| fixed length control field |
00758nam a2200265Ia 4500 |
| 001 - CONTROL NUMBER |
| control field |
20695 |
| 003 - CONTROL NUMBER IDENTIFIER |
| control field |
GE_BSU |
| 005 - DATE AND TIME OF LATEST TRANSACTION |
| control field |
20210304145930.0 |
| 008 - FIXED-LENGTH DATA ELEMENTS--GENERAL INFORMATION |
| fixed length control field |
181216s2003||||xx |||||||||||||| ||eng|| |
| 020 ## - INTERNATIONAL STANDARD BOOK NUMBER |
| International Standard Book Number |
9780823015528 |
| 040 ## - CATALOGING SOURCE |
| Transcribing agency |
GE_BSU |
| 041 ## - LANGUAGE CODE |
| Language code of text/sound track or separate title |
eng |
| 080 ## - UNIVERSAL DECIMAL CLASSIFICATION NUMBER |
| Universal Decimal Classification number |
743.4+611 H-71 |
| 100 ## - MAIN ENTRY--PERSONAL NAME |
| Personal name |
Hogarth, Burne |
| 9 (RLIN) |
10335 |
| 245 ## - TITLE STATEMENT |
| Title |
Dynamic Anatomy / |
| Statement of responsibility, etc. |
Burne Hogarth. |
| 250 ## - EDITION STATEMENT |
| Edition statement |
revised and expanded |
| 264 ## - PRODUCTION, PUBLICATION, DISTRIBUTION, MANUFACTURE, AND COPYRIGHT NOTICE |
| Place of production, publication, distribution, manufacture |
Berkeley : |
| Name of producer, publisher, distributor, manufacturer |
Watson-Guptill Publications, |
| Date of production, publication, distribution, manufacture, or copyright notice |
2003. |
| 300 ## - PHYSICAL DESCRIPTION |
| Extent |
255 p. : |
| Other physical details |
ill. ; |
| Dimensions |
29 cm. |
| 653 ## - INDEX TERM--UNCONTROLLED |
| keyword |
Dynamic Anatomy |
| 653 ## - INDEX TERM--UNCONTROLLED |
| keyword |
Динамическая анатомия |
| 653 ## - INDEX TERM--UNCONTROLLED |
| keyword |
დინამიური ანატომია |
| 653 ## - INDEX TERM--UNCONTROLLED |
| keyword |
მედიცინა |
| 942 ## - ADDED ENTRY ELEMENTS (KOHA) |
| Koha item type |
წიგნი |
| Source of classification or shelving scheme |
|